000
00272nam a22001097a 4500
082
_a
621.38130287 TEC'M
245
_a
TECHNIQUE OF MICROWAVE MEASUREMENTS
260
_a
NEWYORK
_b
MONTGOMERY, CAROL G
_c
1947
300
_a
939P
650
_a
ACC NO-16534
_9
73680
942
_c
BK
999
_c
579332
_d
579332